Philosophical foundations of education (Record no. 9859)

MARC details
000 -LEADER
fixed length control field 00483cam a2200193ua 4500
008 - FIXED-LENGTH DATA ELEMENTS--GENERAL INFORMATION
fixed length control field 190618n ii |||gr||||Z||||||eng
020 ## - INTERNATIONAL STANDARD BOOK NUMBER
International Standard Book Number 9788194088424
040 ## - CATALOGING SOURCE
Transcribing agency MAIN
041 ## - LANGUAGE CODE
-- eng
082 ## - DEWEY DECIMAL CLASSIFICATION NUMBER
Classification number 370.1
100 ## - MAIN ENTRY--PERSONAL NAME
Personal name Sunita Agarwalla,
Relator term
245 ## - TITLE STATEMENT
Title Philosophical foundations of education
Statement of responsibility, etc. By Sunita Agarwalla
250 ## - EDITION STATEMENT
Edition statement 1st ed.
260 ## - PUBLICATION, DISTRIBUTION, ETC.
Place of publication, distribution, etc. Dibrugarh:
Name of publisher, distributor, etc. Mahaveer publications,
Date of publication, distribution, etc. 2019.
300 ## - PHYSICAL DESCRIPTION
Extent 165p.
942 ## - ADDED ENTRY ELEMENTS (KOHA)
Koha item type Books
653 ## - INDEX TERM--UNCONTROLLED
Uncontrolled term Education
Holdings
Withdrawn status Lost status Damaged status Not for loan Home library Current library Shelving location Date acquired Total Checkouts Full call number Barcode Date last seen Date last checked out Copy number Price effective from Koha item type Date due
        Central Library, Naharkatiya College Central Library, Naharkatiya College General Stacks 19/09/2020 17 370.1 | AGA 27839 04/12/2024 28/11/2024 1 19/09/2020 Books  
        Central Library, Naharkatiya College Central Library, Naharkatiya College General Stacks 19/09/2020 25 370.1 | AGA 27840 13/03/2024 13/03/2024 2 19/09/2020 Books 02/04/2024
        Central Library, Naharkatiya College Central Library, Naharkatiya College General Stacks 19/09/2020 22 370.1 | AGA 27841 19/07/2023 05/07/2023 3 19/09/2020 Books  

Naharkatiya College © 2020. All rights reserved.

Powered By